Learn english / (Record no. 20977)

MARC details
000 -LEADER
fixed length control field 00855nam a22002297a 4500
008 - FIXED-LENGTH DATA ELEMENTS--GENERAL INFORMATION
fixed length control field 090114t xxu||||| |||| 00| 0 eng d
010 ## - LCCN (DPL NO)
LC control number ENG-92484
020 ## - INTERNATIONAL STANDARD BOOK NUMBER
International Standard Book Number 8189702033
Terms of availability 425.00
035 ## - SYSTEM CONTROL NUMBER
System control number EN-76017
037 ## - SOURCE OF ACQUISITION
Source of stock number/acquisition DBAD / PUB
040 ## - CATALOGING SOURCE
Original cataloging agency dpl
Language of cataloging English
082 ## - DEWEY DECIMAL CLASSIFICATION NUMBER
Classification number 488.24
100 ## - MAIN ENTRY--PERSONAL NAME
Personal name Paliwal, A.K.
245 ## - TITLE STATEMENT
Title Learn english /
Statement of responsibility, etc by A.K. Paliwal
260 ## - PUBLICATION, DISTRIBUTION, ETC. (IMPRINT)
Place of publication, distribution, etc Jaipur
Name of publisher, distributor, etc Royal Publications
Date of publication, distribution, etc 2008
270 ## - ADDRESS
Address 12 Bandu Nagar, Parmhans Colony, Sikar Road,
City Jaipur
Postal code 23
300 ## - PHYSICAL DESCRIPTION
Extent 280p.
Dimensions 23cm (Hb)
500 ## - GENERAL NOTE
General note Includes bibliographical references
650 ## - SUBJECT ADDED ENTRY--TOPICAL TERM
Topical term or geographic name as entry element English language
General subdivision Study and teaching.
942 ## - ADDED ENTRY ELEMENTS (KOHA)
Source of classification or shelving scheme Dewey Decimal Classification
Item type English Books
Call number suffix PAL
Classification part 488.07
Holdings
Withdrawn status Lost status Source of classification or shelving scheme Damaged status Not for loan Collection code Home library Current library Date acquired Source of acquisition Cost, normal purchase price Total Checkouts Full call number Barcode Date last seen Copy number Cost, replacement price Koha item type
    Dewey Decimal Classification   Not For Loan Non-fiction D.B.Act.Division D.B.Act.Division 14/01/2009 DBAD / PUB 425.00   488.07 PAL EN-76017 14/01/2009 1 425.00 English Books

© Delhi Public Library
Hit Counter
free hit counter